LEADER 01091nam a2200253 u 4500 001 000000067577 003 CaOOAMICUS 005 20070226121713.0 008 020213s1854 it u000 u ita u 035 $a10920504 040 $aPUL(R)$bita 041 1 $aita$heng 100 1 $aAllies, Thomas William,$d1813-1903.$0(OLS)http://pul/name/8659 245 13$aLa cattedra di Pietro fondamento della Chiesa :$bfonte della giurisdizione, centro della unità /$cper Tommaso Guglielmo Allies. 260 $aGenova :$b[s.n.],$c1854. 300 $a291 p. ;$c16 cm 500 $aVersione dall'inglese di G. Costa. 504 $aNote bibliografiche. 650 4$aPapi$xPrimato.$0(OLS)http://pul/subject/201 850 $aPUL 852 $aPUL$W1$xDP1 Antico 800$y27$m64 A 29$j87425$nBK-PRI$b $qStampati Antico$B87425$CPULBib$Z2$F87425 $H $81 941 1 $a15 996 $6245$aLa cattedra di Pietro fondamento della Chiesa :$bfonte della giurisdizione, centro della unità$9(OLS)http://pul/title/12746 996 $6260$aGenova :$b[s.n.]$9(OLS)http://pul/publisher/52443 LEADER 01031cam a2200277 a 4500 001 000000135017 003 CaOOAMICUS 005 20130717141405.0 008 130717s1998 it u000 u ita r 020 $a88-06-15116-9 040 $aPUL$bita 100 1 $aTronti, Mario.$0(OLS)http://pul/name/31654 245 13$aLa politica al tramonto /$cMario Tronti. 260 $aTorino :$bEinaudi,$c©1998. 300 $aXI, 209 p. ;$c20 cm 490 1 $aEinaudi contemporanea ;$v64 650 4$aPolitica$xStoria.$0(OLS)http://pul/subject/17067 830 0$aEinaudi contemporanea ;$v64.$0(OLS)http://pul/title/635 850 $aPUL 852 $aPUL$W1$xDP1 Fondo E. Rossi$y115$m1 T 44$j155395$qFondi$B154948$CPULBib$Z2$F154948 $82 941 1 $a1 961 $aSul dorso collocazione ms. di E. Rossi: T 24 1 996 $6020$a88-06-15116-9$9(OLS)http://pul/number/153342 996 $6245$aLa politica al tramonto$9(OLS)http://pul/title/170764 996 $6260$aTorino :$bEinaudi$9(OLS)http://pul/publisher/48130